[Event "POLFINALY MISTRZOSTW POLSKI JUNIOROW 2021 D-17"]
[Site "Jatrzebia Gora"]
[Date "1899-12-30"]
[Round "5.9"]
[White "Pacho, Maria"]
[Black "Pieczewska, Gabriela"]
[Result "1-0"]
[WhiteTitle "II"]
[BlackTitle "I"]
[WhiteElo "1279"]
[BlackElo "1199"]

1. c4 c5 2. Nc3 Nc6 3. Nf3 g6 4. g3 Bg7 5. Bg2 e5 6. d3 Nge7 7. O-O Rb8 8. Bd2
a6 9. Ne4 d6 10. a3 f5 11. Nc3 b5 12. cxb5 axb5 13. b4 cxb4 14. axb4 d5 15. Rc1
e4 16. Ne1 O-O 17. Bf4 Rb6 18. Nb1 Bb7 19. Qd2 Nd4 20. Bc7 Nb3 21. Bxd8 Nxd2 22.
Bxb6 Nxf1 23. Kxf1 Nc6 24. Bc5 Ra8 25. Nc3 Bxc3 26. Rxc3 Ra1 27. f3 exf3 28. Bxf3
Ne5 29. Kf2 g5 30. Bd4 Nxf3 31. Nxf3 Rb1 32. Rc7 Ba6 33. Nxg5 Kf8 34. Bf6 Ke8
35. Re7+ Kd8 36. Ra7+ 1-0

[Event "POLFINALY MISTRZOSTW POLSKI JUNIOROW 2021 D-17"]
[Site "Jatrzebia Gora"]
[Date "1899-12-30"]
[Round "5.10"]
[White "Rozumek, Paulina"]
[Black "Matusik, Zuzanna"]
[Result "0-1"]
[WhiteTitle "II+"]
[BlackTitle "I"]
[WhiteElo "1084"]
[BlackElo "1350"]

1. e4 e5 2. Nf3 Nc6 3. Bc4 Bc5 4. O-O Nf6 5. Nc3 O-O 6. d3 h6 7. Qe2 d6 8. Rd1
Bg4 9. h3 Nd4 10. Qf1 Nxf3+ 11. gxf3 Bxf3 12. Re1 Nh5 13. Kh2 Qh4 14. Be3 Nf4
15. Bxf4 Qxf4+ 16. Kg1 Qg3+ 0-1

[Event "POLFINALY MISTRZOSTW POLSKI JUNIOROW 2021 D-17"]
[Site "Jatrzebia Gora"]
[Date "1899-12-30"]
[Round "5.11"]
[White "Wronska, Malgorzata"]
[Black "Miarecka, Natalia"]
[Result "1/2-1/2"]
[WhiteTitle "III"]
[BlackTitle "I"]
[WhiteElo "1001"]
[BlackElo "1308"]

1. d4 d5 2. c4 e6 3. Nc3 Nf6 4. e3 Be7 5. Nf3 O-O 6. b3 Nbd7 7. Bd3 b6 8. cxd5
Nxd5 9. Nxd5 exd5 10. Bb2 Bb4+ 11. Nd2 Qg5 12. g3 Nf6 13. a3 Bd6 14. f4 Qg4 15.
Qxg4 Nxg4 16. e4 dxe4 17. Bxe4 Re8 18. O-O Rb8 19. Rfe1 Ba6 20. Bc6 Red8 21. Rad1
Bb7 22. Bxb7 Rxb7 23. Re2 c5 24. d5 Re7 25. Rxe7 Bxe7 26. Nc4 b5 27. Na5 Ne3 28.
Rd3 Nf5 29. Nc6 Rd7 30. g4 Nd6 31. Nxe7+ Rxe7 32. Be5 Nb7 33. d6 Rd7 34. f5 f6
35. Bg3 Kf7 36. Rd5 Rd8 37. d7 Ke7 38. Bf2 Rxd7 39. Bxc5+ Nxc5 40. Rxc5 Rb7 41.
Rd5 a6 42. Rd3 Rd7 43. Re3+ Kd8 44. Kg2 Kc7 45. Kg3 g5 46. h4 h6 47. hxg5 hxg5
48. Kf3 Rd4 1/2-1/2

[Event "POLFINALY MISTRZOSTW POLSKI JUNIOROW 2021 D-17"]
[Site "Jatrzebia Gora"]
[Date "1899-12-30"]
[Round "6.2"]
[White "Krzyzosiak, Anna"]
[Black "Wojtas, Julia"]
[Result "0-1"]
[WhiteTitle "I++"]
[BlackTitle "I+"]
[WhiteElo "1461"]
[BlackElo "1443"]

1. e4 c5 2. Nf3 d6 3. d4 cxd4 4. Nxd4 Nf6 5. f3 a6 6. c4 e5 7. Nc2 Be7 8. Be3 Be6
9. Nc3 O-O 10. Qd2 Nbd7 11. Nd5 Bxd5 12. cxd5 Nh5 13. Be2 Nf4 14. Bxf4 exf4 15.
Qxf4 Rc8 16. Qd2 Bg5 17. Qd1 Qa5+ 18. Kf1 Rc7 19. Ne1 Rfc8 20. Nd3 Ne5 21. g3
Nc4 22. Qe1 Bd2 23. Qf2 Ne3+ 24. Kg1 Nc2 25. Kg2 Be3 26. Qf1 Nxa1 27. Qxa1 Qd2
28. Re1 Rc1 29. Rxc1 Qxe2+ 30. Kh3 Bxc1 31. Nxc1 Qf1+ 0-1

[Event "POLFINALY MISTRZOSTW POLSKI JUNIOROW 2021 D-17"]
[Site "Jatrzebia Gora"]
[Date "1899-12-30"]
[Round "6.3"]
[White "Bychowska, Marta"]
[Black "Pawlak, Emilia"]
[Result "0-1"]
[WhiteTitle "I"]
[BlackTitle "I+"]
[WhiteElo "1328"]
[BlackElo "1445"]

1. e4 c5 2. Nc3 Nc6 3. g3 g6 4. Bg2 Bg7 5. d3 e6 6. f4 Nge7 7. Nf3 d6 8. O-O O-O
9. Be3 Nd4 10. Qd2 Rb8 11. Rab1 b5 12. Ne2 Nec6 13. c3 Nxe2+ 14. Qxe2 b4 15. Qc2
Ba6 16. Rfd1 Qa5 17. d4 cxd4 18. Nxd4 Nxd4 19. Bxd4 Rfc8 20. Bxg7 Kxg7 21. Qd2
bxc3 22. bxc3 Rxb1 23. Rxb1 Qxc3 24. Qxc3+ Rxc3 25. Rd1 Rc6 26. h3 Kf8 27. g4
Ke7 28. Rd2 Rb6 29. Rc2 Kd7 30. Kf2 Rb4 31. a3 Rb3 32. Ra2 Kc7 33. Bf3 Kb6 34.
Ra1 Ka5 35. Ra2 Bc4 36. Rd2 Rb6 37. Rd4 Kb5 38. Ke3 Kc5 39. a4 Rb3+ 0-1

[Event "POLFINALY MISTRZOSTW POLSKI JUNIOROW 2021 D-17"]
[Site "Jatrzebia Gora"]
[Date "1899-12-30"]
[Round "6.4"]
[White "Szewczyk, Malwina"]
[Black "Bienko, Jagoda"]
[Result "1/2-1/2"]
[WhiteTitle "I"]
[BlackTitle "I"]
[WhiteElo "1409"]
[BlackElo "1332"]

1. e4 c5 2. d4 cxd4 3. c3 dxc3 4. Nxc3 Nc6 5. Bc4 d6 6. Nf3 e6 7. O-O Nf6 8. Qe2
Be7 9. Rd1 e5 10. b4 Bg4 11. Bb5 O-O 12. Bxc6 bxc6 13. h3 Bxf3 14. Qxf3 Qb6 15.
a3 Rfd8 16. Be3 Qb7 17. Rac1 d5 18. exd5 cxd5 19. Bg5 e4 20. Qf5 d4 21. Bxf6 Bxf6
22. Nxe4 Be7 23. Qe5 Rd5 24. Qc7 Qxc7 25. Rxc7 Bf6 26. Rd3 Be5 27. Rb7 Rc8 28.
g3 a5 29. Nc5 axb4 30. axb4 g6 31. Nd7 Bg7 32. Kg2 h5 33. Nb6 Rb5 34. Nxc8 Rxb7
35. Rb3 Rc7 36. Nd6 Rc3 37. Rb1 d3 38. Ne4 Rc4 39. Nd2 Rc2 40. Nf1 Bd4 41. Kf3
Bxf2 42. b5 Bb6 43. Ne3 Bxe3 44. Kxe3 d2 45. Rd1 Rb2 46. Rxd2 Rxb5 47. Ke4 Kg7
48. Rd6 Rb4+ 49. Kf3 h4 50. gxh4 Rxh4 51. Kg3 Rb4 52. Rc6 g5 53. Ra6 f6 54. Rc6
Kg6 55. Rc5 Rb3+ 56. Kg2 f5 57. Rc6+ Kh5 58. Rc8 g4 59. Rh8+ Kg5 60. Rg8+ Kf4
61. hxg4 Rg3+ 62. Kf2 Rxg4 63. Rxg4+ Kxg4 64. Kg2 Kf4 65. Kf2 Ke4 66. Ke2 Kd5
67. Kf3 Ke5 68. Ke3 Kf6 69. Kf4 Kg6 70. Kf3 Kg5 71. Kg3 Kf6 72. Kf4 Ke6 73. Kf3
Ke5 74. Ke3 f4+ 75. Kf3 Kf5 76. Kf2 Kg4 77. Kg2 f3+ 78. Kf2 Kf4 79. Kf1 Ke5 80.
Kf2 1/2-1/2

[Event "POLFINALY MISTRZOSTW POLSKI JUNIOROW 2021 D-17"]
[Site "Jatrzebia Gora"]
[Date "1899-12-30"]
[Round "6.5"]
[White "Wolszczak, Natalia"]
[Black "Czerwinska, Oliwia"]
[Result "1/2-1/2"]
[WhiteTitle "I"]
[BlackTitle "I"]
[WhiteElo "1299"]
[BlackElo "1408"]

1. d4 d5 2. Nf3 Nf6 3. Bg5 Bf5 4. e3 e6 5. Bd3 Bg6 6. Ne5 Be7 7. O-O Nbd7 8. f4
Nxe5 9. fxe5 Ne4 10. Bxe7 Qxe7 11. Nd2 Nxd2 12. Qxd2 Bxd3 13. Qxd3 c6 14. Rf3
O-O-O 15. Raf1 Rdf8 16. e4 dxe4 17. Qxe4 f5 18. exf6 Rxf6 19. Qh4 Rf7 20. Qxe7
Rxe7 21. Rf7 Rhe8 22. Rxe7 Rxe7 23. Re1 Kd7 24. Kf2 Kd6 25. Re5 Rf7+ 26. Ke2 b5
27. b4 h6 28. c3 a6 29. g4 g6 30. a3 Rf4 31. h3 g5 32. Rc5 Re4+ 33. Kf2 Kd7 34.
a4 Kd6 35. Kf3 Re1 36. Kf2 Rh1 37. Kg2 Rc1 38. a5 Rc2+ 39. Re5 Kxe5+ 1/2-1/2

[Event "POLFINALY MISTRZOSTW POLSKI JUNIOROW 2021 D-17"]
[Site "Jatrzebia Gora"]
[Date "1899-12-30"]
[Round "6.6"]
[White "Kulpa, Karolina"]
[Black "Zablocka, Marta"]
[Result "1/2-1/2"]
[WhiteTitle "I"]
[BlackTitle "I"]
[WhiteElo "1388"]
[BlackElo "1327"]

1. d4 Nf6 2. c4 e6 3. Nf3 Bb4+ 4. Bd2 a5 5. a3 Bxd2+ 6. Nbxd2 d6 7. e4 b6 8. d5
exd5 9. exd5 O-O 10. Be2 Bg4 11. O-O Nbd7 12. Re1 Re8 13. Nd4 Bxe2 14. Rxe2 Ne5
15. Qc2 Qd7 16. Rae1 c5 17. Nb5 Nxd5 18. Nxd6 Nf4 19. Nxe8 Nxe2+ 20. Rxe2 Rxe8
21. Kf1 Nc6 22. Rxe8+ Qxe8 23. Nf3 h6 24. Qe2 Kf8 25. Qxe8+ Kxe8 26. Ke2 Ke7 27.
Ke3 Ke6 28. h3 g5 29. g3 Ne5 30. Nxe5 Kxe5 31. f4+ 1/2-1/2

[Event "POLFINALY MISTRZOSTW POLSKI JUNIOROW 2021 D-17"]
[Site "Jatrzebia Gora"]
[Date "1899-12-30"]
[Round "6.7"]
[White "Matyjasek, Michalina"]
[Black "Pacho, Maria"]
[Result "1/2-1/2"]
[WhiteTitle "I"]
[BlackTitle "II"]
[WhiteElo "1467"]
[BlackElo "1279"]

1. d4 Nf6 2. c4 e6 3. Nf3 d5 4. Nc3 c6 5. e3 Bd6 6. b3 O-O 7. Be2 Nbd7 8. O-O e5
9. dxe5 Nxe5 10. cxd5 Nxf3+ 11. Bxf3 Be5 12. Bb2 Nxd5 13. Bxd5 cxd5 14. Qh5 Bf6
15. Rad1 Be6 16. Ba1 Bxc3 17. Bxc3 Qe7 18. Qe5 f6 19. Qd4 Rfd8 20. Rc1 b6 21.
Bb4 Qd7 22. Rfd1 Qf7 23. Rd2 Rac8 24. Rcd1 Rd7 25. h3 Rcd8 26. Qf4 Qg6 27. Qf3
Qe4 28. Qxe4 dxe4 29. Rd4 Rxd4 30. Rxd4 Rxd4 31. exd4 Bd5 32. Bd6 a6 33. Kf1 Kf7
34. Ke2 Ke6 35. Bc7 b5 36. Ke3 Kf5 37. g3 h5 38. Kd2 Ke6 39. Bf4 Bc6 40. Kc3 Kd5
41. h4 a5 42. Be3 g6 43. b4 a4 44. a3 Ke6 45. Kd2 Kf5 46. Bf4 Kg4 47. Ke3 g5 48.
Bd6 gxh4 49. gxh4 f5 50. Be7 f4+ 51. Ke2 Bd5 52. Bg5 Bc4+ 53. Kd2 Kf3 54. Ke1
e3 55. fxe3 fxe3 56. Bf6 Ke4 57. Be5 Kd3 58. Bf6 Kc2 59. Bg5 Kb3 60. Bxe3 Kxa3
61. Bd2 Kb2 62. Kd1 Bb3+ 63. Ke2 a3 64. d5 Bxd5 65. Ke3 a2 66. Kd4 Bc4 67. Bc3+
Kb3 68. Ba1 Kxb4 69. Ke3 Kb3 70. Kd2 Be6 71. Bf6 Bf5 72. Kc1 Ka3 73. Be5 Kb3 74.
Bf6 b4 75. Bg7 Kc4 76. Kb2 1/2-1/2

[Event "POLFINALY MISTRZOSTW POLSKI JUNIOROW 2021 D-17"]
[Site "Jatrzebia Gora"]
[Date "1899-12-30"]
[Round "6.8"]
[White "Rodzik, Malgorzata"]
[Black "Matusik, Zuzanna"]
[Result "0-1"]
[WhiteTitle "I"]
[BlackTitle "I"]
[WhiteElo "1198"]
[BlackElo "1350"]

1. d4 Nf6 2. Nf3 g6 3. Bf4 Bg7 4. e3 O-O 5. Nbd2 d6 6. Bd3 c5 7. c3 cxd4 8. exd4
e5 9. Bg5 h6 10. Bxf6 Qxf6 11. O-O Bf5 12. Bc2 Nc6 13. dxe5 dxe5 14. Ne4 Qe7 15.
Qe2 Rad8 16. Rfd1 Kh8 17. Ba4 Bd7 18. Bb3 f5 19. Ned2 e4 20. Ne1 Ne5 21. Nc4 f4
22. Qxe4 Bc6 23. Qc2 Ng4 24. Qxg6 Qh4 25. h3 Qxf2+ 26. Kh1 Qf1# 0-1

[Event "POLFINALY MISTRZOSTW POLSKI JUNIOROW 2021 D-17"]
[Site "Jatrzebia Gora"]
[Date "1899-12-30"]
[Round "6.9"]
[White "Kowalska, Julia"]
[Black "Drela, Monika"]
[Result "0-1"]
[WhiteTitle "II"]
[BlackTitle "II+"]
[WhiteElo "1197"]
[BlackElo "1272"]

1. e4 c5 2. Nf3 d6 3. d4 cxd4 4. Nxd4 Nf6 5. Nc3 g6 6. Be2 Bg7 7. Be3 Nc6 8. Qd2
Nxd4 9. Bxd4 O-O 10. O-O-O Qa5 11. Kb1 Be6 12. b3 a6 13. f3 Qc7 14. Nd5 Bxd5 15.
exd5 Rfc8 16. c4 a5 17. Rde1 a4 18. Bd1 b5 19. cxb5 Nxd5 20. Bxg7 Kxg7 21. bxa4
Nc3+ 22. Ka1 Nxd1 23. Qxd1 Qc4 24. Rxe7 Rxa4 25. Qe2 Qc3+ 26. Qb2 Qxb2+ 27. Kxb2
Rb4+ 28. Ka1 Rxb5 29. Rb1 Rcb8 30. Rxb5 Rxb5 31. Re2 Kf6 32. a3 d5 33. Rb2 Ra5
34. Rb6+ Ke5 35. Kb2 Ra7 36. Kb3 Kd4 37. a4 Kd3 38. Kb4 d4 39. Rd6 Ke3 40. a5
d3 41. Rd8 Ke2 42. Re8+ Kd1 43. Kb5 d2 44. Rd8 Re7 45. a6 Ke2 46. a7 Rxa7 47.
Re8+ Kf2 0-1

[Event "POLFINALY MISTRZOSTW POLSKI JUNIOROW 2021 D-17"]
[Site "Jatrzebia Gora"]
[Date "1899-12-30"]
[Round "6.10"]
[White "Miarecka, Natalia"]
[Black "Reszka, Zofia"]
[Result "1-0"]
[WhiteTitle "I"]
[BlackTitle "I++"]
[WhiteElo "1308"]
[BlackElo "1338"]

1. e4 c5 2. Nf3 a6 3. c3 Nf6 4. e5 Nd5 5. d4 cxd4 6. cxd4 Nc6 7. Nc3 Nxc3 8. bxc3
d5 9. Be2 g6 10. O-O Bg7 11. Bf4 O-O 12. h3 Bd7 13. Rb1 Na5 14. Qd2 b5 15. Nh2
Rc8 16. Rfe1 Nc4 17. Qc1 Qa5 18. Bg4 Bxg4 19. Nxg4 Rc6 20. Bh6 Qxa2 21. Bxg7 Kxg7
22. Qh6+ Kg8 23. f4 Qc2 24. Qg5 Re6 25. Rbc1 Qd3 26. Rf1 Ne3 27. Rf3 Qd2 28. Nxe3
Qxc1+ 29. Kh2 Kh8 30. Nxd5 f6 31. Qg4 f5 32. Qg5 Rf7 33. h4 Qa3 34. Rh3 Qa5 35.
h5 Kg7 36. Nxe7 Rfxe7 37. d5 Rxe5 38. fxe5 Rxe5 39. hxg6 h5 40. Qxh5 Rxd5 41.
Qh7+ Kf6 42. Qf7+ Ke5 43. Qe7+ Kf4 44. Qe3+ Kg4 45. Qg3# 1-0

[Event "POLFINALY MISTRZOSTW POLSKI JUNIOROW 2021 D-17"]
[Site "Jatrzebia Gora"]
[Date "1899-12-30"]
[Round "6.11"]
[White "Rozumek, Paulina"]
[Black "Wronska, Malgorzata"]
[Result "1-0"]
[WhiteTitle "II+"]
[BlackTitle "III"]
[WhiteElo "1084"]
[BlackElo "1001"]

1. e4 e5 2. Nf3 Nc6 3. Nc3 Nf6 4. Bc4 Bb4 5. a3 Ba5 6. O-O O-O 7. d3 h6 8. Re1
Nd4 9. Be3 Nc6 10. b4 Bb6 11. Bxb6 axb6 12. d4 d6 13. h3 Re8 14. b5 Nxd4 15. Nxd4
exd4 16. Qd2 d3 17. Qxd3 Bd7 18. Qd4 Be6 19. Rad1 Bxc4 20. Qxc4 Rc8 21. e5 Nd7
22. e6 fxe6 23. Rxe6 Rxe6 24. Qxe6+ Kh8 25. Re1 Nc5 26. Qf7 Qf6 27. Re8+ Rxe8
28. Qxe8+ Kh7 29. Nd5 Qb2 30. g3 Qxc2 31. Ne7 h5 32. Qxh5# 1-0

[Event "POLFINALY MISTRZOSTW POLSKI JUNIOROW 2021 D-17"]
[Site "Jatrzebia Gora"]
[Date "1899-12-30"]
[Round "7.2"]
[White "Wojtas, Julia"]
[Black "Pawlak, Emilia"]
[Result "1-0"]
[WhiteTitle "I+"]
[BlackTitle "I+"]
[WhiteElo "1443"]
[BlackElo "1445"]

1. e4 c5 2. Nf3 g6 3. d4 cxd4 4. Qxd4 Nf6 5. h3 Nc6 6. Qe3 Bg7 7. c4 d6 8. Be2
Bd7 9. Nc3 Rc8 10. Rb1 Nb4 11. O-O O-O 12. a3 Nc6 13. b4 h6 14. Bb2 Be6 15. Rfd1
Nd7 16. Nd5 b6 17. Nd2 Kh7 18. Bxg7 Kxg7 19. f4 Qe8 20. g4 Rg8 21. Kh2 Bxd5 22.
cxd5 Nd8 23. Ba6 Ra8 24. Qd4+ Kh7 25. Rbc1 e5 26. dxe6 Qxe6 27. Nc4 Qe7 28. Nxd6
Qh4 29. Rg1 h5 30. Qe3 Ne6 31. Rcf1 Nf6 32. Be2 Kg7 33. gxh5 Nxh5 34. Nf5+ 1-0

[Event "POLFINALY MISTRZOSTW POLSKI JUNIOROW 2021 D-17"]
[Site "Jatrzebia Gora"]
[Date "1899-12-30"]
[Round "7.3"]
[White "Mytnik, Kinga"]
[Black "Szewczyk, Malwina"]
[Result "0-1"]
[WhiteTitle "I"]
[BlackTitle "I"]
[WhiteElo "1477"]
[BlackElo "1409"]

1. e4 c5 2. Nc3 Nc6 3. Bc4 d6 4. f4 g6 5. Nf3 Bg7 6. d3 e6 7. O-O Nge7 8. Qe1 Nd4
9. Nxd4 cxd4 10. Ne2 O-O 11. f5 exf5 12. Qh4 d5 13. Bb3 a5 14. a4 dxe4 15. Bg5
Re8 16. Nf4 Qd6 17. dxe4 Qc5 18. Nd3 Qc7 19. Bf4 Qb6 20. Rae1 Be6 21. Bxe6 Qxe6
22. Rf3 fxe4 23. Rh3 h5 24. Bg5 Nf5 25. Qf2 Ne3 26. Nc1 Qd5 27. Bf4 Rac8 28. c3
Ng4 29. Qd2 Qc5 30. Kf1 dxc3 31. Qe2 cxb2 32. Nb3 Qc2 33. Qxc2 Rxc2 34. Bd2 b6
35. Bg5 Re5 36. Bd8 Rf5+ 37. Kg1 Rff2 38. Bxb6 Rxg2+ 39. Kh1 Rge2 40. Rf1 e3 41.
Rh4 Bf6 42. Rxg4 hxg4 43. Rb1 Rxh2+ 44. Kg1 Rcg2+ 45. Kf1 e2+ 46. Ke1 Rh1+ 0-1

[Event "POLFINALY MISTRZOSTW POLSKI JUNIOROW 2021 D-17"]
[Site "Jatrzebia Gora"]
[Date "1899-12-30"]
[Round "7.4"]
[White "Zablocka, Marta"]
[Black "Krzyzosiak, Anna"]
[Result "1/2-1/2"]
[WhiteTitle "I"]
[BlackTitle "I++"]
[WhiteElo "1327"]
[BlackElo "1461"]

1. e4 c5 2. d3 Nc6 3. Nf3 g6 4. g3 Bg7 5. Bg2 e6 6. O-O Nge7 7. Re1 O-O 8. c3 d5
9. e5 b6 10. Bf4 Ba6 11. Qc2 Rc8 12. Nbd2 d4 13. c4 Nb4 14. Qb1 b5 15. a3 Nbc6
16. b3 bxc4 17. bxc4 Nf5 18. Ne4 Nb8 19. Qc1 Nd7 20. Rb1 Nb6 21. Bg5 Qc7 22. g4
Ne7 23. Bf6 Rb8 24. Qg5 Rfe8 25. Bxg7 Kxg7 26. Nf6 Rh8 27. Nh5+ Kg8 28. Nf6+ Kg7
29. Ne4 Nec8 30. Qf6+ Kg8 31. Qg5 Kg7 32. h4 Nd7 33. Rxb8 Qxb8 34. Nf6 Qc7 35.
Nh5+ Kg8 36. Nf6+ Kg7 37. Nh5+ Kg8 1/2-1/2

[Event "POLFINALY MISTRZOSTW POLSKI JUNIOROW 2021 D-17"]
[Site "Jatrzebia Gora"]
[Date "1899-12-30"]
[Round "7.5"]
[White "Bienko, Jagoda"]
[Black "Wolszczak, Natalia"]
[Result "1-0"]
[WhiteTitle "I"]
[BlackTitle "I"]
[WhiteElo "1332"]
[BlackElo "1299"]

1. c4 c6 2. e4 d5 3. cxd5 cxd5 4. exd5 Qxd5 5. Nc3 Qa5 6. Nf3 Bg4 7. Be2 Nf6 8.
Qb3 Qc7 9. O-O a6 10. d4 e6 11. Be3 Bd6 12. h3 Bh5 13. Rac1 Nc6 14. Rfd1 O-O 15.
d5 exd5 16. Nxd5 Nxd5 17. Qxd5 Bxf3 18. Bxf3 Rfd8 19. Qb3 Rac8 20. Bb6 Bh2+ 21.
Kh1 Rxd1+ 22. Rxd1 Qe5 23. Bxc6 bxc6 24. g3 Bxg3 25. fxg3 Qe2 26. Qd3 Qe8 27.
Qd8 Kf8 28. Bc5+ Kg8 29. Qxe8+ Rxe8 30. Bb6 h6 31. Rd8 Rxd8 32. Bxd8 Kf8 33. Kg2
Ke8 34. Ba5 Kd7 35. Kf3 Ke6 36. Bc3 g6 37. g4 f5 38. gxf5+ Kxf5 39. Bg7 Kg5 40.
Kg3 a5 41. a4 h5 42. h4+ Kf5 43. Bc3 Ke4 44. Bxa5 Kf5 45. Bd2 Ke4 46. a5 1-0

[Event "POLFINALY MISTRZOSTW POLSKI JUNIOROW 2021 D-17"]
[Site "Jatrzebia Gora"]
[Date "1899-12-30"]
[Round "7.6"]
[White "Matusik, Zuzanna"]
[Black "Kulpa, Karolina"]
[Result "1-0"]
[WhiteTitle "I"]
[BlackTitle "I"]
[WhiteElo "1350"]
[BlackElo "1388"]

1. e4 c5 2. f4 Nc6 3. Bb5 Nd4 4. Be2 d5 5. Nc3 Nxe2 6. Qxe2 d4 7. Nb1 a6 8. Nf3
Nf6 9. O-O b6 10. d3 Bb7 11. c3 dxc3 12. Nxc3 g6 13. f5 gxf5 14. exf5 Qc7 15.
Ne5 Rg8 16. Rf2 Nd7 17. Bf4 Nxe5 18. Bxe5 Qc6 19. Ne4 O-O-O 20. Bg3 Qd5 21. Rd1
c4 22. Nc3 Qd7 23. dxc4 Qc6 24. Rxd8+ Kxd8 25. Qe5 Qd6 26. Qe3 Qc6 27. Rd2+ Ke8
28. Nd5 Bh6 29. Qxe7# 1-0

[Event "POLFINALY MISTRZOSTW POLSKI JUNIOROW 2021 D-17"]
[Site "Jatrzebia Gora"]
[Date "1899-12-30"]
[Round "7.7"]
[White "Drela, Monika"]
[Black "Matyjasek, Michalina"]
[Result "0-1"]
[WhiteTitle "II+"]
[BlackTitle "I"]
[WhiteElo "1272"]
[BlackElo "1467"]

1. d4 Nf6 2. Bf4 d5 3. e3 e6 4. Nd2 c5 5. c3 Bd6 6. Bg3 Qc7 7. Ngf3 Nbd7 8. Bd3
O-O 9. Rc1 e5 10. dxe5 Nxe5 11. Nxe5 Bxe5 12. Bxe5 Qxe5 13. Nf3 Qe7 14. O-O b6
15. Re1 Bb7 16. Qc2 Ne4 17. Bxe4 dxe4 18. Nd2 Rad8 19. Rcd1 f5 20. Nf1 Kh8 21.
Ng3 Rde8 22. Qa4 Bc8 23. Ne2 g5 24. c4 f4 25. exf4 gxf4 26. Nc3 e3 27. fxe3 fxe3
28. Nd5 Qh4 29. g3 Qg5 30. Nf4 Qe5 31. Rd5 Qxb2 32. Re2 Qg7 33. Ng2 Bb7 34. Rd7
Qf6 35. Nf4 Bc6 36. Qxa7 Qa1+ 0-1

[Event "POLFINALY MISTRZOSTW POLSKI JUNIOROW 2021 D-17"]
[Site "Jatrzebia Gora"]
[Date "1899-12-30"]
[Round "7.8"]
[White "Pacho, Maria"]
[Black "Bychowska, Marta"]
[Result "1/2-1/2"]
[WhiteTitle "II"]
[BlackTitle "I"]
[WhiteElo "1279"]
[BlackElo "1328"]

1. c4 c5 2. Nc3 Nc6 3. Nf3 Nf6 4. d3 g6 5. g3 Bg7 6. Bg2 O-O 7. O-O e6 8. Bf4 d5
9. Ne5 Ne7 10. Nf3 a6 11. Na4 Nh5 12. Bd2 Qd6 13. Qb3 Rb8 14. Nb6 Bd7 15. Nxd7
Qxd7 16. Rac1 b6 17. Qc2 Rfd8 18. b4 cxb4 19. Bxb4 Nc6 20. Bd2 Rdc8 21. Qb1 Nf6
22. Bf4 Rb7 23. Ne5 Nxe5 24. Bxe5 Qd8 25. cxd5 Rxc1 26. Rxc1 Nxd5 27. Bxg7 Kxg7
28. Qb3 Rb8 29. Bxd5 exd5 30. Qc3+ Kg8 31. Qc6 Qe7 32. Rc2 Qd8 33. a4 Kg7 34.
d4 Kg8 35. e4 dxe4 36. Qxe4 b5 37. axb5 axb5 38. d5 b4 39. Rb2 Qd6 1/2-1/2

[Event "POLFINALY MISTRZOSTW POLSKI JUNIOROW 2021 D-17"]
[Site "Jatrzebia Gora"]
[Date "1899-12-30"]
[Round "7.9"]
[White "Pieczewska, Gabriela"]
[Black "Miarecka, Natalia"]
[Result "1/2-1/2"]
[WhiteTitle "I"]
[BlackTitle "I"]
[WhiteElo "1199"]
[BlackElo "1308"]

1. c4 e5 2. Nc3 Nf6 3. g3 d5 4. cxd5 Nxd5 5. Bg2 Nb6 6. e3 Nc6 7. Nge2 Be7 8. O-O
O-O 9. b3 Be6 10. Bb2 f5 11. d4 e4 12. Nf4 Bf7 13. h4 Bf6 14. Rb1 Ne7 15. f3 Ned5
16. Nfxd5 Nxd5 17. Nxd5 Bxd5 18. fxe4 Bxe4 19. Bxe4 fxe4 20. Qg4 Qd6 21. Rf4 Rae8
22. Rbf1 Qe6 23. Qxe6+ Rxe6 24. d5 Ra6 25. Bxf6 Raxf6 26. Rxf6 Rxf6 27. Rf4 Rd6
28. Rxe4 Rxd5 29. Re7 Rc5 30. Kf2 Kf8 31. Rd7 b6 32. Kf3 1/2-1/2

[Event "POLFINALY MISTRZOSTW POLSKI JUNIOROW 2021 D-17"]
[Site "Jatrzebia Gora"]
[Date "1899-12-30"]
[Round "7.10"]
[White "Rodzik, Malgorzata"]
[Black "Rozumek, Paulina"]
[Result "0-1"]
[WhiteTitle "I"]
[BlackTitle "II+"]
[WhiteElo "1198"]
[BlackElo "1084"]

1. d4 c6 2. Nf3 d5 3. Bf4 Bf5 4. e3 Nd7 5. Nbd2 Ngf6 6. Be2 e6 7. c3 c5 8. O-O
cxd4 9. exd4 Be7 10. Ne5 O-O 11. Ndf3 Ne4 12. Nxd7 Qxd7 13. Ne5 Qd8 14. Bg4 Bg5
15. Bxf5 exf5 16. Bg3 f4 17. f3 Nxg3 18. hxg3 fxg3 19. Re1 Re8 20. Qd3 Qb6 21.
Rab1 Re6 22. Ra1 Ree8 23. Rab1 Re6 24. Ra1 Ree8 25. Rab1 Re6 26. Ra1 Ree8 27.
Rab1 Re6 28. Ra1 Ree8 29. Rab1 Re6 30. Ra1 Ree8 31. Rab1 Re6 32. Qc2 Rae8 33.
Nd3 Qa6 34. Rxe6 Rxe6 35. Nc5 Be3+ 36. Kh1 Rh6# 0-1

[Event "POLFINALY MISTRZOSTW POLSKI JUNIOROW 2021 D-17"]
[Site "Jatrzebia Gora"]
[Date "1899-12-30"]
[Round "7.11"]
[White "Wronska, Malgorzata"]
[Black "Kowalska, Julia"]
[Result "0-1"]
[WhiteTitle "III"]
[BlackTitle "II"]
[WhiteElo "1001"]
[BlackElo "1197"]

1. d4 d5 2. c4 c6 3. Nc3 Nf6 4. e3 g6 5. b3 Bg7 6. Nf3 O-O 7. cxd5 cxd5 8. Bb2
b6 9. g3 Bb7 10. Bg2 e6 11. O-O Nc6 12. Ba3 Re8 13. Ne5 Nxe5 14. dxe5 Ne4 15.
Nxe4 dxe4 16. Bb2 Qd5 17. Qxd5 exd5 18. f4 exf3 19. Bxf3 Bxe5 20. Bxe5 Rxe5 21.
Rfe1 Rc8 22. Rf1 Ra8 23. Rfe1 Rc8 24. Kf1 Ba6+ 25. Kf2 Rc2+ 26. Kg1 Rf5 27. Bg2
Rff2 28. Bh3 Rxh2 29. Bg4 Rcg2# 0-1

[Event "POLFINALY MISTRZOSTW POLSKI JUNIOROW 2021 D-17"]
[Site "Jatrzebia Gora"]
[Date "1899-12-30"]
[Round "8.1"]
[White "Zniszczol, Wiktoria"]
[Black "Zablocka, Marta"]
[Result "1/2-1/2"]
[WhiteTitle "I++"]
[BlackTitle "I"]
[WhiteElo "1498"]
[BlackElo "1327"]

1. e4 c5 2. Nc3 Nc6 3. Nge2 g6 4. d4 cxd4 5. Nxd4 Bg7 6. Nxc6 bxc6 7. Be3 d6 8.
f3 Nf6 9. Qd2 O-O 10. Rd1 Qc7 11. g4 h5 12. gxh5 Nxh5 13. Bc4 Bf6 14. Qg2 e6 15.
Bg5 d5 16. Bxf6 Nxf6 17. Bd3 Qe5 18. Qg3 Qxg3+ 19. hxg3 d4 20. Na4 e5 21. Kf2
Kg7 22. Bc4 Be6 23. Bxe6 fxe6 24. Nc5 Kf7 25. Nd3 Kg7 26. Nxe5 Nxe4+ 27. Kg2 Ng5
28. Rxd4 Rad8 29. Rhd1 Rd5 30. f4 Nf7 31. Rxd5 cxd5 32. Nxf7 Kxf7 33. Rd4 Rc8
34. c3 Kf6 35. Rb4 Rc7 36. Kf3 a5 37. Rb5 a4 38. Rb4 a3 39. bxa3 Rxc3+ 40. Kg4
Rxa3 41. Rb2 Ke5 1/2-1/2

[Event "POLFINALY MISTRZOSTW POLSKI JUNIOROW 2021 D-17"]
[Site "Jatrzebia Gora"]
[Date "1899-12-30"]
[Round "8.2"]
[White "Bienko, Jagoda"]
[Black "Wojtas, Julia"]
[Result "0-1"]
[WhiteTitle "I"]
[BlackTitle "I+"]
[WhiteElo "1332"]
[BlackElo "1443"]

1. d4 Nf6 2. c4 g6 3. Nc3 Bg7 4. e4 d6 5. g3 O-O 6. Bg2 c5 7. d5 e6 8. Nge2 exd5
9. exd5 Bf5 10. O-O Nbd7 11. f4 Nb6 12. Qb3 Bd3 13. Rd1 Bxc4 14. Qc2 Re8 15. Re1
Nfxd5 0-1

[Event "POLFINALY MISTRZOSTW POLSKI JUNIOROW 2021 D-17"]
[Site "Jatrzebia Gora"]
[Date "1899-12-30"]
[Round "8.3"]
[White "Matyjasek, Michalina"]
[Black "Szewczyk, Malwina"]
[Result "1-0"]
[WhiteTitle "I"]
[BlackTitle "I"]
[WhiteElo "1467"]
[BlackElo "1409"]

1. d4 Nf6 2. c4 g6 3. Nc3 d5 4. e3 Bg7 5. Qb3 c6 6. Nf3 O-O 7. Bd2 b6 8. Bd3 Qd6
9. O-O Nbd7 10. Rac1 e5 11. cxd5 Nxd5 12. Ne4 Qe7 13. Rxc6 Bb7 14. Qxd5 Bxc6 15.
Qxc6 Rac8 16. Qb5 a5 17. Bc3 f5 18. Bc4+ Kh8 19. Ng3 e4 20. Nd2 f4 21. Ngxe4 fxe3
22. fxe3 Rxf1+ 23. Bxf1 Rf8 24. Qg5 Qf7 25. Bc4 Qf5 26. Qxf5 gxf5 27. Ng5 h5 28.
Ndf3 Bf6 29. Be6 Bxg5 30. Nxg5 Nf6 31. d5 Kg7 32. Bxf5 Kh6 33. Ne6 Rf7 34. e4
h4 35. d6 Nd7 36. g4 hxg3 37. hxg3 Kh5 38. g4+ Kh4 39. Be1+ Kh3 40. Ng5# 1-0

[Event "POLFINALY MISTRZOSTW POLSKI JUNIOROW 2021 D-17"]
[Site "Jatrzebia Gora"]
[Date "1899-12-30"]
[Round "8.4"]
[White "Pawlak, Emilia"]
[Black "Mytnik, Kinga"]
[Result "1-0"]
[WhiteTitle "I+"]
[BlackTitle "I"]
[WhiteElo "1445"]
[BlackElo "1477"]

1. e4 d6 2. d4 Nf6 3. Nc3 Nbd7 4. f4 e5 5. Nf3 exd4 6. Qxd4 c6 7. Be3 Qb6 8. O-O-O
Ng4 9. Bg1 Qxd4 10. Nxd4 g6 11. h3 Ngf6 12. Nf3 Nh5 13. Bh2 Nc5 14. g4 Nf6 15.
Nd2 b5 16. b4 Nb7 17. Bg2 Nd7 18. e5 d5 19. a3 a5 20. Nb3 axb4 21. axb4 Bxb4 22.
Nb1 Na5 23. Nxa5 Rxa5 24. c3 Be7 25. f5 Bg5+ 26. Kb2 Nb6 27. h4 Nc4+ 28. Kb3 Bxh4
29. e6 Be7 30. Rhe1 fxe6 31. fxe6 Ra4 32. Bg3 Na5+ 33. Kb2 Rxg4 34. Rd3 Nc4+ 35.
Kb3 Bd6 36. Bxd6 Rxg2 37. Ba3 Nxa3 38. Nxa3 Rf8 39. Kb4 Ke7 40. Kc5 Ra2 41. Nb1
Ra6 42. Rh3 h5 43. Rg3 Rf6 44. Nd2 h4 45. Rg5 Bxe6 46. Nb3 Kd7 47. Rge5 Ra4 48.
Nd4 Rc4+ 49. Kb6 Bf7 50. Re7+ Kd8 51. Ra7 Ra4 52. Rb7 Rxd4 53. cxd4 Re6 54. Ra1
c5+ 55. Kxc5 Kc8 56. Rxf7 1-0